| 000 | 00737nam a2200229 a 4500 | ||
|---|---|---|---|
| 001 | 49163 | ||
| 003 | BD-RjUL | ||
| 005 | 20211209054637.0 | ||
| 008 | 160818s1967 b ||||| |||| 00| 0 eng d | ||
| 020 | _c : Tk.3.00 | ||
| 035 | _a(BD-RjUL)49282 | ||
| 040 |
_aBD-RjUL _bben _cBD-RjUL |
||
| 041 | _aben | ||
| 082 |
_223 _a891.441 _bRON 1967 |
||
| 100 | 1 |
_aরফিক, আহমদ _9147806 |
|
| 245 | 1 | 0 |
_aনর্বাসিত নায়ক / _cআহমদ রফিক |
| 260 |
_aঢাকা : _bকোহিনুর লাইব্রেরী, _c১৯৬৭. |
||
| 300 |
_a৭৩ পৃ ; _c২১ সেমি |
||
| 650 |
_aবাংলা কবিতা _9147807 |
||
| 650 |
_aBangali Portry _9147808 |
||
| 942 |
_2ddc _cBK |
||
| 999 |
_c49163 _d49163 |
||